| 000 | 00902nac a22002411u 4500 | ||
|---|---|---|---|
| 010 | _a 92011473 | ||
| 020 | _a0124510507 (acid-free paper) | ||
| 082 | 0 | 0 |
_a302.3 _bLIN |
| 090 |
_c6157 _d6157 |
||
| 100 | _aLinhart, Peter B. | ||
| 245 | 0 | 0 |
_aBargaining with incomplete information / _cedited by Peter B. Linhart, Roy Radner, Mark A. Satterthwaite. |
| 260 |
_aSan Diego : _bAcademic Press,c1992. _cc1992. |
||
| 300 |
_aix, 553 p. : _bill. ; _c24 cm. |
||
| 440 | 0 | _aEconomic theory, econometrics, and mathematical economics | |
| 500 | _aDistributer: Al-Ahram. | ||
| 504 | _aIncludes bibliographical references and index. | ||
| 511 | _aCatalogued By:Mahitab. | ||
| 650 | 0 |
_aNegotiation _xMathematical models. |
|
| 650 | 0 |
_aUncertainty _xMathematical models. |
|
| 700 | 1 |
_aRadner, Roy, _c1927- |
|
| 700 | 1 | _aSatterthwaite, Mark A. | |
| 942 |
_cBB _k302.3LIN |
||
| 999 |
_c6157 _d6157 |
||